Statistics for British Company Logos Quiz

Click here to take the quiz!

General Stats

  • This quiz has been taken 1,158 times
  • The average score is 11 of 16

Answer Stats

Answer% Correct
Cadbury
85%
BP
83%
Virgin Media
83%
Barclays
81%
Boots
81%
Vodafone
80%
Morrisons
74%
HSBC
73%
Lloyds
73%
Premier Inn
72%
McVitie's
68%
Pizza Express
68%
Innocent
65%
Vauxhall
59%
Hovis
52%
Royal Bank of Scotland
45%

Score Distribution

Percentile by Number Answered

Percent of People with Each Score

Your Score History

You have not taken this quiz